ARRUPE JESUIT UNIVERSITY

CORONAVIRUS -STOP THE SPREAD - CLEAN,DISINFECT,COVER

Mayflower : (Record no. 126776)

MARC details
000 -LEADER
fixed length control field 02785cam a2200385 a 4500
001 - CONTROL NUMBER
control field 14204108
003 - CONTROL NUMBER IDENTIFIER
control field ARRUPE
005 - DATE AND TIME OF LATEST TRANSACTION
control field 20170825113919.0
008 - FIXED-LENGTH DATA ELEMENTS--GENERAL INFORMATION
fixed length control field 051219s2006 nyuab b 001 0deng
010 ## - LIBRARY OF CONGRESS CONTROL NUMBER
LC control number 2005058470
020 ## - INTERNATIONAL STANDARD BOOK NUMBER
International Standard Book Number 0670037605
035 ## - SYSTEM CONTROL NUMBER
System control number (OCoLC)ocm62766154
040 ## - CATALOGING SOURCE
Original cataloging agency DLC
Transcribing agency DLC
Modifying agency YDX
-- BAKER
-- OCO
-- JSZ
-- BUR
-- YBM
-- LMR
-- IXA
-- DLC
043 ## - GEOGRAPHIC AREA CODE
Geographic area code n-us-ma
050 00 - LIBRARY OF CONGRESS CALL NUMBER
Classification number F68
Item number .P44 2006
082 00 - DEWEY DECIMAL CLASSIFICATION NUMBER
Classification number 973.2/2
Edition number 22
300 ## - PHYSICAL DESCRIPTION
Dimensions 20 cm.
100 1# - MAIN ENTRY--PERSONAL NAME
Personal name Philbrick, Nathaniel.
9 (RLIN) 35230
245 10 - TITLE STATEMENT
Title Mayflower :
Remainder of title a story of courage, community, and war /
Statement of responsibility, etc Nathaniel Philbrick.
260 ## - PUBLICATION, DISTRIBUTION, ETC. (IMPRINT)
Place of publication, distribution, etc New York :
Name of publisher, distributor, etc Penguin Books,
Date of publication, distribution, etc 2006.
300 ## - PHYSICAL DESCRIPTION
Extent xvii, 463 p. :
504 ## - BIBLIOGRAPHY, ETC. NOTE
Bibliography, etc Includes bibliographical references (p. [415]-443) and index.
505 0# - FORMATTED CONTENTS NOTE
Formatted contents note Discovery -- Accommodation -- Community -- War.
520 ## - SUMMARY, ETC.
Summary, etc From the perilous ocean crossing to the shared bounty of the first Thanksgiving, the Pilgrim settlement of New England has become enshrined as our most sacred national myth. Yet, as author Philbrick reveals, the true story of the Pilgrims is much more than the well-known tale of piety and sacrifice; it is a 55-year epic. The Mayflower's religious refugees arrived in Plymouth Harbor during a period of crisis for Native Americans, as disease spread by European fishermen devastated their populations. Initially the two groups maintained a fragile working relationship. But within decades, New England erupted into King Philip's War, a savage conflict that nearly wiped out colonists and natives alike, and forever altered the face of the fledgling colonies and the country that would grow from them. Philbrick has fashioned a fresh portrait of the dawn of American history--dominated right from the start by issues of race, violence, and religion.--From publisher description.
600 10 - SUBJECT ADDED ENTRY--PERSONAL NAME
Personal name Bradford, William,
Dates associated with a name 1590-1657.
9 (RLIN) 35231
600 10 - SUBJECT ADDED ENTRY--PERSONAL NAME
Personal name Church, Benjamin,
Dates associated with a name 1639-1718.
9 (RLIN) 35232
650 #0 - SUBJECT ADDED ENTRY--TOPICAL TERM
Topical term or geographic name as entry element Pilgrims (New Plymouth Colony)
9 (RLIN) 35233
651 #0 - SUBJECT ADDED ENTRY--GEOGRAPHIC NAME
Geographic name Massachusetts
General subdivision History
Chronological subdivision New Plymouth, 1620-1691.
9 (RLIN) 35234
906 ## - LOCAL DATA ELEMENT F, LDF (RLIN)
a 7
b cbc
c orignew
d 1
e ocip
f 20
g y-gencatlg
942 ## - ADDED ENTRY ELEMENTS (KOHA)
Source of classification or shelving scheme Library of Congress Classification
Koha item type Monograph ( Printed materials)
Holdings
Withdrawn status Lost status Source of classification or shelving scheme Damaged status Not for loan Collection code Home library Current library Shelving location Date acquired Total Checkouts Full call number Barcode Date last seen Price effective from Koha item type
    Library of Congress Classification     Main Collection ARRUPE LIBRARY ARRUPE LIBRARY Main Collection 25/08/2017   F68 .P44 2006 46500023470 04/04/2018 25/08/2017 Monograph ( Printed materials)

 

Arrupe Library. PO Box MP320 Mt Pleasant, Harare, Zimbabwe
263 242 745411|librarian@aju.ac.zw